[Event "Hans Suri Mem 2014"]
[Site "Biel SUI"]
[Date "2014.07.14"]
[Round "1.2"]
[White "Motylev,A"]
[Black "Wojtaszek,R"]
[Result "0-1"]
[WhiteTitle "GM"]
[BlackTitle "GM"]
[WhiteElo "2698"]
[BlackElo "2733"]
[WhiteFideId "4121830"]
[BlackFideId "1118358"]
[EventDate "2014.07.14"]

1. e4 c5 2. Nf3 d6 3. Bb5+ Bd7 4. Bxd7+ Qxd7 5. c4 Nf6 6. Nc3 g6 7. d4 cxd4 8.
Nxd4 Bg7 9. b3 Nc6 10. Bb2 Qg4 11. Qxg4 Nxg4 12. Nxc6 bxc6 13. h3 Ne5 14. O-O-O
Nd7 15. f4 Rg8 16. g4 O-O-O 17. h4 h6 18. g5 Rh8 19. e5 dxe5 20. Ne4 Rhg8 21.
Rhe1 hxg5 22. Nxg5 Nc5 23. Nxf7 Nd3+ 24. Kb1 Rd7 25. fxe5 Nxe1 26. Rxe1 Rd2 27.
Ba3 Rf2 28. e6 Bf6 29. Rg1 Re2 30. h5 Rxe6 31. Bc5 Re2 32. hxg6 Rb2+ 33. Kc1
Rxa2 34. Rg4 Kd7 35. Be3 Rb8 36. Bd4 Ke6 37. Bxf6 exf6 38. Nh6 f5 39. Rg3 f4 40.
Rf3 Rg2 0-1

[Event "Hans Suri Mem 2014"]
[Site "Biel SUI"]
[Date "2014.07.15"]
[Round "2.1"]
[White "Wojtaszek,R"]
[Black "Hou Yifan"]
[Result "1/2-1/2"]
[WhiteTitle "GM"]
[BlackTitle "GM"]
[WhiteElo "2733"]
[BlackElo "2629"]
[WhiteFideId "1118358"]
[BlackFideId "8602980"]
[EventDate "2014.07.14"]

1. d4 e6 2. c4 Nf6 3. Nf3 d5 4. Nc3 Bb4 5. cxd5 exd5 6. Bg5 Qd6 7. Nd2 Bf5 8. e3
Nbd7 9. Bf4 Qb6 10. Be2 c5 11. dxc5 Nxc5 12. Be5 O-O 13. O-O Rad8 14. Bd4 Bxc3
15. bxc3 Qc6 16. Qc1 Nfe4 17. Nxe4 Nxe4 18. f3 Nd6 19. Qa3 a6 20. Qc5 Rc8 21.
Qxc6 Rxc6 22. a4 h5 23. Ra2 Re8 24. Kf2 Re7 25. Rb2 Nc4 26. Bxc4 Rxc4 27. Ra1 f6
28. h4 Bg6 29. Rb4 Rec7 30. Rxc4 Rxc4 31. a5 Be8 32. Ra2 Ra4 33. Rxa4 Bxa4 34.
g4 hxg4 35. fxg4 Kf7 36. g5 fxg5 37. hxg5 Kg6 38. Kg3 Kxg5 39. Bxg7 Kf5 40. Kf3
Bd1+ 1/2-1/2

[Event "Hans Suri Mem 2014"]
[Site "Biel SUI"]
[Date "2014.07.18"]
[Round "5.3"]
[White "Motylev,A"]
[Black "Hou Yifan"]
[Result "1/2-1/2"]
[WhiteTitle "GM"]
[BlackTitle "GM"]
[WhiteElo "2698"]
[BlackElo "2629"]
[WhiteFideId "4121830"]
[BlackFideId "8602980"]
[EventDate "2014.07.14"]

1. e4 c5 2. Nf3 e6 3. d4 cxd4 4. Nxd4 Nc6 5. Nc3 Qc7 6. Be3 a6 7. Qd2 Nf6 8.
O-O-O Be7 9. f3 b5 10. g4 Nxd4 11. Bxd4 Bb7 12. g5 Nh5 13. Be5 Qxe5 14. Qxd7+
Kf8 15. Qxb7 Bxg5+ 16. Kb1 Qb8 17. Rd7 Qxb7 18. Rxb7 Bf6 19. a4 Bxc3 20. bxc3
bxa4 21. Bc4 g6 22. Rd1 Rc8 23. Ba2 Rg8 24. Rd6 g5 25. Rxa6 Rg6 26. Raa7 Rf6 27.
e5 Rxf3 28. Bxe6 Rf1+ 29. Ka2 fxe6 30. Rxh7 Kg8 31. Rxh5 Rf5 32. Rxa4 Rxc3 33.
Rg4 Rxc2+ 34. Kb3 Re2 35. Rgxg5+ Rxg5 36. Rxg5+ Kh7 37. h4 Re4 38. h5 Kh6 39.
Rg6+ Kxh5 40. Rxe6 Kg5 41. Re8 1/2-1/2

[Event "Hans Suri Mem 2014"]
[Site "Biel SUI"]
[Date "2014.07.19"]
[Round "6.2"]
[White "Wojtaszek,R"]
[Black "Motylev,A"]
[Result "1/2-1/2"]
[WhiteTitle "GM"]
[BlackTitle "GM"]
[WhiteElo "2733"]
[BlackElo "2698"]
[WhiteFideId "1118358"]
[BlackFideId "4121830"]
[EventDate "2014.07.14"]

1. d4 d5 2. c4 c6 3. Nf3 Nf6 4. e3 Bf5 5. Nc3 e6 6. Nh4 Bg6 7. Nxg6 hxg6 8. Bd2
Nbd7 9. Qc2 Be7 10. h3 a6 11. Be2 Rc8 12. O-O dxc4 13. Bxc4 b5 14. Be2 c5 15.
dxc5 Rxc5 16. b4 Rc7 17. Qb3 Nb6 18. Rfd1 Nc4 19. Be1 Qb8 20. a4 O-O 21. axb5
axb5 22. Ra6 Rfc8 23. Rda1 Kh7 24. Ra8 Qb6 25. R8a6 Qb8 26. Ra8 Qb6 27. R8a6 Qb8
28. Ra8 Qb6 29. R8a6 1/2-1/2

[Event "Hans Suri Mem 2014"]
[Site "Biel SUI"]
[Date "2014.07.19"]
[Round "6.3"]
[White "Giri,A"]
[Black "Hou Yifan"]
[Result "1/2-1/2"]
[WhiteTitle "GM"]
[BlackTitle "GM"]
[WhiteElo "2750"]
[BlackElo "2629"]
[WhiteFideId "24116068"]
[BlackFideId "8602980"]
[EventDate "2014.07.14"]

1. e4 c5 2. Nf3 e6 3. d4 cxd4 4. Nxd4 Nc6 5. Nc3 Qc7 6. Be2 a6 7. O-O Nf6 8. Be3
Be7 9. f4 d6 10. Qe1 O-O 11. Kh1 Nxd4 12. Bxd4 b5 13. Qg3 Bb7 14. a3 Rad8 15.
Rae1 Rd7 16. Bd3 Re8 17. a4 b4 18. Na2 Qa5 19. Nc1 Qh5 20. Nb3 Qg6 21. Qh3 Qg4
22. Qxg4 Nxg4 23. Na5 Ra8 24. Be2 Nf6 25. Bf3 Ne8 26. c3 bxc3 27. bxc3 Bd8 28.
Nxb7 Rxb7 29. e5 d5 30. c4 Rb4 31. Rc1 Rxa4 32. g3 g5 33. Bg1 Nc7 34. Bb6 Ne8
35. Be3 Nc7 36. fxg5 Rb8 37. Ba7 Rb7 38. Be3 Rb8 39. Ba7 Rb7 40. Bc5 Bxg5 41.
Rc2 Rb3 42. cxd5 Nxd5 43. Bh5 f5 44. exf6 Bxf6 45. Bd6 Rc3 46. Rb2 Rc8 47. Rb7
Rd8 48. Bc5 Rc4 49. Bg1 Rf8 50. Be2 Rc6 51. Bd3 Rc7 52. Bxa6 Rxb7 53. Bxb7 Kg7
54. Bc6 Rf7 55. Re1 Re7 56. Re4 Kf7 57. Rc4 Be5 58. Rh4 Kg7 59. Rh5 Bf6 60. Bxd5
exd5 61. Rxd5 Re2 62. h4 Kg6 63. Rd6 Kf5 64. g4+ Ke5 65. Rd7 Bxh4 66. Rxh7 Bg5
67. Rf7 Ke6 68. Rg7 Bf6 69. Rg8 Kf7 1/2-1/2

[Event "Hans Suri Mem 2014"]
[Site "Biel SUI"]
[Date "2014.07.21"]
[Round "7.1"]
[White "Hou Yifan"]
[Black "Wojtaszek,R"]
[Result "1/2-1/2"]
[WhiteTitle "GM"]
[BlackTitle "GM"]
[WhiteElo "2629"]
[BlackElo "2733"]
[WhiteFideId "8602980"]
[BlackFideId "1118358"]
[EventDate "2014.07.14"]

1. Nf3 d5 2. g3 c5 3. c4 d4 4. e3 Nc6 5. exd4 cxd4 6. Bg2 e5 7. O-O Nf6 8. d3
Nd7 9. Na3 Be7 10. Nc2 O-O 11. Rb1 a5 12. b3 Rb8 13. Re1 Re8 14. a3 Qc7 15. b4
axb4 16. axb4 b5 17. Nfxd4 exd4 18. Bf4 Nce5 19. Nxd4 bxc4 20. Nc6 c3 21. Qa4
Rb6 22. Bxe5 Nxe5 23. Rxe5 Be6 24. Rbe1 Bf6 25. R5e3 Rf8 26. b5 Qd6 27. d4 c2
28. Be4 Bd5 29. Qxc2 Bxe4 30. Rxe4 Rxb5 31. Re8 g6 32. Qc4 Qd5 33. Rxf8+ Kxf8
34. Rc1 Qxc4 35. Rxc4 h5 36. Kg2 Rb3 37. Nb4 Kg7 38. Nc2 h4 39. Kf1 Rb1+ 40. Kg2
Rd1 41. Kf3 Rd2 42. h3 Rd3+ 43. Kg4 Rd2 44. Kf3 Rd3+ 45. Kg2 hxg3 46. fxg3 Kg8
47. h4 Kg7 48. Kh3 Be7 49. Ne1 Rb3 50. Rc6 Bf6 51. Rd6 Re3 52. Nc2 Rd3 53. Kg4 1/2-1/2

[Event "Hans Suri Mem 2014"]
[Site "Biel SUI"]
[Date "2014.07.22"]
[Round "8.3"]
[White "Wojtaszek,R"]
[Black "Giri,A"]
[Result "1/2-1/2"]
[WhiteTitle "GM"]
[BlackTitle "GM"]
[WhiteElo "2733"]
[BlackElo "2750"]
[WhiteFideId "1118358"]
[BlackFideId "24116068"]
[EventDate "2014.07.14"]

1. d4 d5 2. c4 e6 3. Nc3 c6 4. e4 dxe4 5. Nxe4 Bb4+ 6. Bd2 Qxd4 7. Bxb4 Qxe4+ 8.
Ne2 Na6 9. Bf8 Ne7 10. Bxg7 Nb4 11. Qd6 Nd3+ 12. Kd2 Nf5 13. Qxd3 Qxd3+ 14. Kxd3
Nxg7 15. Kc3 b6 16. g4 Bb7 17. Bg2 O-O-O 18. Rad1 h5 19. g5 c5 20. Bxb7+ Kxb7
21. Nf4 Nf5 22. Rxd8 Rxd8 23. Nxh5 Rg8 24. h4 Rh8 25. Ng3 Rxh4 26. Rxh4 Nxh4 27.
Ne4 Kc6 28. Kd3 Ng6 29. Ke3 Ne5 30. b3 Kd7 31. Nf6+ Ke7 32. Ke4 Nc6 33. Ng4 Nd4
34. b4 Ne2 35. bxc5 bxc5 36. a3 Nd4 37. Ne5 a6 38. f4 a5 39. a4 Ne2 40. Nc6+ Kd6
41. Nd8 Ke7 42. Nb7 Nc3+ 43. Ke5 Nxa4 44. Nxa5 Nb6 45. Ke4 f6 46. Nc6+ Kf7 47.
Nd8+ Kg6 48. Nxe6 fxg5 49. fxg5 Nxc4 50. Nxc5 Kxg5 1/2-1/2

[Event "Hans Suri Mem 2014"]
[Site "Biel SUI"]
[Date "2014.07.24"]
[Round "10.2"]
[White "Motylev,A"]
[Black "Giri,A"]
[Result "1/2-1/2"]
[WhiteTitle "GM"]
[BlackTitle "GM"]
[WhiteElo "2698"]
[BlackElo "2750"]
[WhiteFideId "4121830"]
[BlackFideId "24116068"]
[EventDate "2014.07.14"]

1. e4 c5 2. Nf3 Nc6 3. d4 cxd4 4. Nxd4 Nf6 5. Nc3 d6 6. Bg5 e6 7. Qd2 a6 8.
O-O-O Bd7 9. f4 b5 10. Bxf6 gxf6 11. Nxc6 Bxc6 12. Qe3 Be7 13. f5 Qa5 14. Kb1 b4
15. Ne2 Qe5 16. Qb6 Qb5 17. Qf2 Qe5 18. Qb6 Qb5 19. Qf2 Qe5 1/2-1/2